|
|
|
|
| LEADER |
02264nam a2200565 a 4500 |
| 001 |
nkc20142594908 |
| 003 |
CZ PrNK |
| 005 |
20170922173229.0 |
| 007 |
ta |
| 008 |
140610s2014 xr a f 000 0 cze |
| 015 |
|
|
|a cnb002594908
|
| 020 |
|
|
|a 978-80-86729-94-7
|q (brož.)
|
| 035 |
|
|
|a (OCoLC)883373839
|
| 040 |
|
|
|a OLA001
|b cze
|
| 041 |
0 |
|
|a cze
|b cze
|b eng
|
| 043 |
|
|
|a e-xr---
|a e------
|
| 072 |
|
7 |
|a 331
|x Práce
|2 Konspekt
|9 4
|
| 080 |
|
|
|a 331.215.53
|2 MRF
|
| 080 |
|
|
|a 331.221
|2 MRF
|
| 080 |
|
|
|a (437.3)
|2 MRF
|
| 080 |
|
|
|a (4)
|2 MRF
|
| 080 |
|
|
|a (048.8)
|2 MRF
|
| 100 |
1 |
|
|a Pavelka, Tomáš,
|d 1975-
|7 mzk2004248647
|4 aut
|
| 245 |
1 |
0 |
|a Minimální mzda v České republice a její srovnání v rámci členských států Evropské unie /
|c Tomáš Pavelka
|
| 260 |
|
|
|a Praha :
|b Národohospodářský ústav Josefa Hlávky,
|c 2014
|
| 300 |
|
|
|a 153 s. :
|b il. ;
|c 25 cm
|
| 490 |
1 |
|
|a Studie Národohospodářského ústavu Josefa Hlávky ;
|v 1/2014
|
| 500 |
|
|
|a 250 výt.
|
| 504 |
|
|
|a Obsahuje bibliografii a bibliografické odkazy
|
| 521 |
8 |
|
|a Určeno pouze pro informaci zainteresovaným odborným pracovníkům a institucím
|
| 546 |
|
|
|a České a anglické resumé
|
| 650 |
0 |
7 |
|a minimální mzdy
|7 ph122894
|z Česko
|2 czenas
|
| 650 |
0 |
7 |
|a minimální mzdy
|7 ph122894
|z země Evropské unie
|2 czenas
|
| 650 |
0 |
7 |
|a mzdové systémy
|7 ph170455
|z Česko
|2 czenas
|
| 650 |
0 |
7 |
|a mzdové systémy
|7 ph170455
|z země Evropské unie
|2 czenas
|
| 650 |
0 |
9 |
|a minimum wages
|z Czechia
|2 eczenas
|
| 650 |
0 |
9 |
|a minimum wages
|z European Union countries
|2 eczenas
|
| 650 |
0 |
9 |
|a wage payment systems
|z Czechia
|2 eczenas
|
| 650 |
0 |
9 |
|a wage payment systems
|z European Union countries
|2 eczenas
|
| 655 |
|
7 |
|a monografie
|7 fd132842
|2 czenas
|
| 655 |
|
7 |
|a srovnávací studie
|7 fd133583
|2 czenas
|
| 655 |
|
9 |
|a monographs
|2 eczenas
|
| 655 |
|
9 |
|a comparative studies
|2 eczenas
|
| 830 |
|
0 |
|a Studie (Národohospodářský ústav Josefa Hlávky)
|0 s
|
| 910 |
2 |
|
|a BOA001
|b 2-1328.712
|
| 990 |
|
|
|a BK
|
| 995 |
|
|
|a 01
|
| 991 |
|
|
|b 201406
|c NOV
|e n
|
| 996 |
6 |
|
|b 2610595206
|c 2-1328.712
|l MZK
|r Sklad / do 1 hodiny
|n 6
|p p.v.
|w 001429280
|u 000010
|a 1
|e BOA001
|j MZK50
|s P
|
| 996 |
7 |
|
|b 2610595207
|c 2-1328.712
|l MZK
|r Sklad / do 1 hodiny
|n 18
|p p.v.
|w 001429280
|u 000020
|a 1
|e BOA001
|j MZK50
|s A
|